Kraje najbliższe Kirgistanu - Statystyki

Ogólne statystyki
  • Ten quiz został rozwiązany 294 razy
  • Średni wynik to 16 z 20
Statystyki odpowiedzi
km kraj % Poprawnych
886 Rosja
99%
0 Chiny
96%
0 Tadżykistan
95%
525 Indie
94%
0 Kazachstan
91%
0 Uzbekistan
91%
101 Afganistan
89%
262 Pakistan
89%
787 Iran
87%
920 Mongolia
85%
1606 Azerbejdżan
84%
2058 Irak
83%
1937 Armenia
81%
1906 Gruzja
81%
290 Turkmenistan
81%
1197 Nepal
79%
1764 Bhutan
66%
1871 Bangladesz
65%
1937 Zjednoczone Emiraty Arabskie
30%
1890 Oman
29%
Nie znaleziono quizów pasujących do podanych kryteriów
Rozkład punktacji
Procent ludzi z każdym wynikiem
Percentyl według liczby udzielonych odpowiedzi
Twoja historia wyników
Nie rozwiązałeś tego quizu